000 01189nam0a22002651 4500
001 rc\3265506
005 20250609201631.0
021 _aRU
_b[73-14591]
035 _a(NLR Aleph) 007485805
090 _a7564987
_c7564987
100 _a20130115d1972 |||y0rusy50 ca
101 0 _arus
102 _aRU
105 _aa z |||||
200 1 _aОсновы расчета прочности деталей машин
_eЛекция для студентов-дипломников с.-х. вузов по специальности 1509 "Механизация сел. хоз-ва"
_fМ-во сел. хоз-ва СССР. Гл. упр. высш. и сред. с.-х. образования. Всесоюз. с.-х. ин-т заоч. образования
210 _aМосква
_cБ. и.
_d1972
215 _a26 с., включ. обл.
_cчерт.
_d20
300 _aПеред загл. авт.: доц. П.В. Усов
606 _aДетали машин
_xРасчет на прочность
_2psbo
700 1 _aУсов
_bП.В.
_gПавел Васильевич
801 0 _aRU
_bNLR
_gpsbo
801 1 _aRU
_bELAR
_2rusmarc
852 _aNLR
_j73-4/1273
942 _cBOOK
980 _aNB